000 00489nab a2200145Ia 4500
003 ES-SlBCS
005 20210601141336.0
008 140529s1997 xxu||||| |||| 00| 0 spa d
041 _aspa
100 1 _aGalino Carrillo, María Ángeles
_9229359
245 0 0 _aAnálisis del contexto: el reclamo humanista de la sociedad actual
_c María Ángeles Galino Carrillo
650 0 4 _aHumanismo Actual
_9254871
773 0 _tEducadores
_gvol. 39/1, nº. 181, 1997, págs. 9-20
_wRev370
942 _cAR
999 _c659198
_d659198